Informe gestión institucional anual 2018 (Registro nro. 20738)
[ vista simple ]
| 000 -CABECERA | |
|---|---|
| Campo de control | 01127nam a22002297a 4500 |
| 005 - FECHA Y HORA DE LA ULTIMA TRANSACCION | |
| Campo de control | 20260326192354.0 |
| 008 - ELEMENTOS DE LONGITUD FIJA—INFORMACION GENERAL | |
| Campo de control | 200128b xxu||||| |||| 00| 0 spa d |
| 040 ## - FUENTE DE CATALOGACIÓN | |
| Agencia catalogadora original | CO-BoIAVH |
| Agencia transcriptora | CO-BoIAVH |
| 041 ## - IDIOMA | |
| Código de idioma para texto/pista de sonido o título separado | Español |
| 044 ## - PAÍS DE PUBLICACIÓN | |
| País de publicación | Colombia |
| 082 ## - NUMERO DE CLASIFICACION DECIMAL DEWEY | |
| Número de clasificación | 333.72 |
| Número del ítem | I59i |
| 110 ## - ASIENTO PRINCIPAL--NOMBRE CORPORATIVO | |
| 9 (RLIN) | 34093 |
| Nombre corporativo o de jurisdicción como elemento de entrada | Instituto de investigación de Recursos Biológicos Alexander von Humboldt |
| 245 ## - MENCION DE TITULO | |
| Título | Informe gestión institucional anual 2018 |
| 260 ## - PUBLICACION, DISTRIBUCION, ETC. (PIE DE IMPRENTA) | |
| Lugar de publicación, distribución, etc. | Bogotá, |
| Nombre del editor, distribuidor, etc. | Instituto Alexander Von Humboldt, |
| Fecha de publicación, distribución, etc. | 2019 |
| 300 ## - DESCRIPCION FISICA | |
| Extensión | 85 páginas, |
| Otros detalles físicos | Gráficas, mapas y fotografías a color |
| Dimensiones | 28 x 21.6 cm |
| 505 ## - NOTA DE CONTENIDO | |
| Nota de contenido | Este informe da cuenta del último año de ejecución del Picia 2015-2018, atinadamente llamado "Biodiversidad para la paz" pues nos correspondió ser testigos del final de la negociación con las Farc y la firma de los Acuerdos de La Habana, así como del inicio de su implementación. Los reportes de nuevas especies para la ciencia se multiplicaron. |
| 650 #0 - ASIENTO SECUNDARIO DE MATERIA - TERMINO TEMATICO | |
| 9 (RLIN) | 92604 |
| Término temático o nombre geográfico como elemento de entrada | Programas de Investigación |
| 650 #0 - ASIENTO SECUNDARIO DE MATERIA - TERMINO TEMATICO | |
| 9 (RLIN) | 17436 |
| Término temático o nombre geográfico como elemento de entrada | Informes de gestión |
| 650 #0 - ASIENTO SECUNDARIO DE MATERIA - TERMINO TEMATICO | |
| 9 (RLIN) | 94438 |
| Término temático o nombre geográfico como elemento de entrada | Estudios de biodiversidad |
| 650 #0 - ASIENTO SECUNDARIO DE MATERIA - TERMINO TEMATICO | |
| 9 (RLIN) | 8634 |
| Término temático o nombre geográfico como elemento de entrada | Estadísticas |
| 942 ## - ELEMENTOS ADICIONALES (KOHA) | |
| Sistema de clasificación | Dewey Decimal Classification |
| Tipo de ítem | Libro |
| Withdrawn status | Lost status | Sistema de Clasificación | Damaged status | No para préstamo | Colección | Ubicación Permanente | Ubicación actual | Fecha de adquisición | Total Checkouts | Número topográfico | Inventario / Código de Barras | Date last seen | Ejemplar | Price effective from | Forma de adquisición | Tipo de material |
|---|---|---|---|---|---|---|---|---|---|---|---|---|---|---|---|---|
| Dewey Decimal Classification | Humboldt | Bogotá | Bogotá | 28/01/2020 | IAVH-333.72 I59i | 042526 | 28/01/2020 | Ej. 1 | 28/01/2020 | Institucional | Libro | |||||
| Dewey Decimal Classification | Humboldt | Bogotá | Bogotá | 18/02/2020 | IAVH-333.72 I59i | 044122 | 18/02/2020 | Ej. 2 | 18/02/2020 | Institucional | Libro |